Magyar irodalom Cseh/Szlovákiában a kisebbségi magyar irodalom korszakai Cseh/Szlovákiában 1945 után (3. rész)

Bibliographic Details
Main Author: Fónod, Zoltán, 1930-2021 (Author)
Other Authors: Lengyel, András, 1950- (Illustrator)
Format: Article
Language:Hungarian
Slovak
PhysicalDescription:Obr.
Subjects:

MARC

LEADER 00000nab a2200000 a 4500
001 vtls000781759
003 SK-MaSNL
005 20260319070415.0
008 160314c2001 xo 0 hun
015 |a SNBRB2002/01-02824 
035 |a CLN000133486 
040 |a SNKBUCL  |b slo  |c SNKBUCL  |e AACR2 
041 0 |a slo 
044 |a xo  |c SK 
080 |a 82(091):894.511 (437.6)"19"  |2 UDC-MRF-SK2 
080 |a 894.511 (437.6)(091)"19"  |2 UDC-MRF-SK2 
100 1 |a Fónod, Zoltán,  |d 1930-2021  |4 aut  |9 220458 
245 1 0 |a Magyar irodalom Cseh/Szlovákiában  |b a kisebbségi magyar irodalom korszakai Cseh/Szlovákiában 1945 után  |n (3. rész)  |c Fónod Zoltán ; illusztrálta Lengyel András 
300 |b Obr. 
504 |a Bibliogr. odkazy 
650 0 7 |a literatúra maďarská  |z Slovensko  |y po r. 1945  |2 snkbucl  |9 1073540 
700 1 |a Lengyel, András,  |d 1950-  |4 ill  |9 120455 
773 0 |t Irodalmi szemle  |g Roč. 44, č. 11-12 (2001), s. 98-121 
850 |a Slovenská národná knižnica v Martine 
852 |a SNK  |b KIS3GCP 
958 |a HU 
958 |a SK 
958 |a LX 
958 |a NB 
958 |a RBX 
999 |c 1764696  |d 1766626